Gmina Długołęka Trivia - Statystyki

Ogólne statystyki
  • Ten quiz został rozwiązany 49 razy
  • Średni wynik to 3 z 6
Statystyki odpowiedzi
Zagadnienie Odpowiedź % Poprawnych
Jakiego imienia jest SP w Kiełczowie? im. Wandy Chotomskiej
80%
Jaki jest aktualny wójt gminy Długołęka? Wojciech Stanisław Błoński
80%
W jakich wsiach są Żabki? Wilczyce, Długołęka, Kiełczów, Mirków
60%
Jaka jest najmniejsza pod względem populacji wieś w Gminie Długołeka? Dąbrowica
40%
Gdzie jest Kościół Najświętszej Marii Panny Królowej Polski? Januszkowice
30%
kto robi najlepsza chmure na menelni? kandziorq
10%
Nie znaleziono quizów pasujących do podanych kryteriów
Rozkład punktacji
Procent ludzi z każdym wynikiem
Percentyl według liczby udzielonych odpowiedzi
Twoja historia wyników
Nie rozwiązałeś tego quizu